|
|
|
|
| LEADER |
01563nam a2200325 a 4500 |
| 001 |
c000044668 |
| 003 |
CARM |
| 005 |
00000000000000.0 |
| 008 |
850612s1984 vraabe b 10110 eng d |
| 019 |
1 |
|
|a 3755844
|z 3756551
|5 LACONCORD2021
|
| 020 |
|
|
|a 0855905581
|
| 035 |
|
|
|a (OCoLC)60098071
|5 LACONCORD2021
|
| 040 |
|
|
|a ABS
|c ABS
|d VBX
|d XCC
|d NNCU
|
| 042 |
|
|
|a anuc
|
| 111 |
2 |
|
|a Australasian Conference on Computer Graphics
|n (2nd :
|d 1984 :
|c Melbourne, Vic.)
|
| 245 |
1 |
0 |
|a Ausgraph 84
|b : Second Australasian Conference on Computer Graphics, Melbourne, 18-21 September 1984 : conference proceedings /
|c organised by Australasian Computer Graphics Association ; co-sponsored by ACADS, the Association for Computer Aided Design.
|
| 260 |
|
|
|a Melbourne :
|b Australasian Computer Graphics Association,
|c [1984]
|
| 300 |
|
|
|a 2 v. :
|b ill., maps, plans ;
|c 30 cm.
|
| 504 |
|
|
|a Includes bibliographies, abstracts and index.
|
| 505 |
0 |
|
|a v. 1 Conference proceedings -- v. 2 Conference program.
|
| 650 |
|
0 |
|a Computer graphics
|x Congresses.
|
| 650 |
|
0 |
|a Computer animation
|x Congresses.
|
| 650 |
|
2 |
|a Automatic data processing
|x Congresses.
|
| 650 |
|
2 |
|a Data display
|x Congresses.
|
| 710 |
2 |
0 |
|a Australasian Computer Graphics Association.
|
| 710 |
2 |
0 |
|a Association for Computer Aided Design (Australia)
|
| 852 |
8 |
|
|b CARM
|h A2:AB10C0
|i D01444
|p 0086233
|f BK
|
| 082 |
0 |
4 |
|a 006.6
|2 19
|
| 999 |
f |
f |
|i dce06957-2f0e-5f47-ab7e-1bd7ecf053e8
|s d6a6b1da-b9a7-5103-aa91-5a4d828e441c
|
| 952 |
f |
f |
|p Can circulate
|a CAVAL
|b CAVAL
|c CAVAL
|d CARM 1 Store
|e D01444
|f A2:AB10C0
|h Other scheme
|i book
|m 0086233
|